| 000 | 00481nam a2200181Ia 4500 | ||
|---|---|---|---|
| 001 | 19538 | ||
| 005 | 20260306172700.0 | ||
| 008 | 260306t2019||||xx |||||||||||||| ||spa|| | ||
| 041 | _aESP | ||
| 082 |
_a340.3 _bR84 |
||
| 100 |
_aRoss, Karen M _eAUT |
||
| 245 | 0 |
_aEssential legal english in context: _bunderstanding the vocabulary of US law and government |
|
| 260 | _c2019 | ||
| 300 |
_a223 páginas : _c26 cm. |
||
| 650 | _aGEN | ||
| 654 | _aCDE | ||
| 942 |
_cLIB _dJUS _fJUS _2ddc _n |
||
| 999 |
_c19538 _d19538 |
||